|
|
|
|
| LEADER |
00000nab a2200000 a 4500 |
| 001 |
vtls000151933 |
| 003 |
SK-MaSNL |
| 005 |
20260304053721.0 |
| 008 |
250422c1983 xo 0 slo |
| 015 |
|
|
|a SNBRB19rr/mm-uuuuu
|
| 035 |
|
|
|a CL0162040
|
| 035 |
|
|
|a urn:nbn:sk:snk-abdloh
|
| 035 |
|
|
|a (urnnbn)urn:nbn:sk:snk:ar-001ndq
|
| 035 |
|
|
|a (uuid)1eb8cac5-8a50-410b-b6e0-b1d03edcfe2a
|
| 040 |
|
|
|a SNKBUCL
|b slo
|c SNKBUCL
|e AACR2
|
| 041 |
0 |
|
|a slo
|
| 044 |
|
|
|a xo
|c SK
|
| 080 |
|
|
|a 792.071.2
|2 1981
|
| 080 |
|
|
|a 929 Kákoš, Martin
|2 1981
|
| 100 |
1 |
|
|a Kákoš, Martin,
|d 1955-
|4 aut
|9 110792
|
| 245 |
1 |
0 |
|a Mladý muž a divadlo
|c Martin Kákoš, Dana Sliuková
|
| 300 |
|
|
|b Obr. 4.
|
| 600 |
1 |
7 |
|a Kákoš, Martin,
|d 1955-
|2 snkbucl
|9 110792
|
| 655 |
|
7 |
|a rozhovory
|2 snkbucl
|9 31831
|
| 700 |
1 |
|
|a Silbiger-Sliuková, Dana,
|d 1953-
|4 aut
|9 248529
|
| 773 |
0 |
|
|t Film a divadlo
|g Roč. 27, č. 7 (1983), s. 28-29
|
| 850 |
|
|
|a Slovenská národná knižnica
|
| 852 |
|
|
|a Slovenská národná knižnica
|
| 954 |
|
|
|a odborná, vedecká literatúra pôvodná (slovenská)
|2 lita
|
| 958 |
|
|
|a article19
|
| 958 |
|
|
|a OND
|
| 958 |
|
|
|a BX
|
| 958 |
|
|
|a RK
|
| 958 |
|
|
|a EUIPO
|
| 992 |
|
|
|a RBX
|
| 999 |
|
|
|c 2714903
|d 2716833
|